| 000 | 01424cam a22003614a 4500 | ||
|---|---|---|---|
| 999 |
_c17247 _d17247 |
||
| 001 | 13753201 | ||
| 003 | OSt | ||
| 005 | 20170120152838.0 | ||
| 008 | 041014s2006 caua 000 0 eng | ||
| 010 | _a 2004024369 | ||
| 020 | _a0805372873 (spiralbound : alk. paper) | ||
| 035 | _a(DNLM)101231935 | ||
| 040 |
_aDNLM/DLC _cDLC _dDLC |
||
| 042 | _apcc | ||
| 050 | 0 | 0 |
_aREF QM25 _b.M286 2006 |
| 060 | 1 | 0 |
_aQS 17 _bM386m 2006 |
| 082 | 0 | 0 |
_a611 _222 |
| 100 | 1 | _aMartini, Frederic. | |
| 245 | 1 | 0 |
_aMartini's atlas of the human body / _cby Frederic H. Martini, with William C. Ober ... [et al.]. |
| 246 | 3 | 0 | _aAtlas of the human body |
| 250 | _a7th ed. | ||
| 260 |
_aSan Francisco : _bPearson/Benjamin Cummings, _cc2006. |
||
| 300 |
_aiv, 151 p. : _bill. (some col.) ; _c28 cm. |
||
| 500 | _aTo accompany: Fundamentals of anatomy and physiology, 7th ed. | ||
| 650 | 0 |
_aHuman anatomy _vAtlases. |
|
| 650 | 1 | 2 |
_aAnatomy _vAtlases. |
| 650 | 2 | 2 |
_aPhysiology _vAtlases. |
| 700 | 1 | _aOber, William C. | |
| 730 | 0 | _aFundamentals of anatomy and physiology. | |
| 856 | 4 | 1 |
_3Table of contents _uhttp://www.loc.gov/catdir/toc/ecip052/2004024369.html |
| 942 |
_2lcc _cBOOKS _hREF QM 25 .M286 2006 |
||